In Star Wars Episode VI lebende Jedi - Statistiken

Allgemein
  • Dieses Quiz wurde 128 mal gespielt
  • Das Durchschnittsergebnis liegt bei 4 aus 20
Antwortstatistiken
Bildquiz Hint Antwort % Korrekt
Kanon, Legends / 23 Jahre Luke Skywalker
100%
Kanon / 40 Jahre Ahsoka Tano
87%
Kanon / 45 Jahre Din Grogu
83%
Kanon / 23 Jahre Ezra Bridger
62%
(Kanon / etwa 40 Jahre, am Leben im Jahr 9 VSY) Cal Kestis
49%
Kanon / etwa 55 Jahre Baylan Skoll
20%
(Legends / unbekanntes Alter) Rahm Kota
10%
Legends / etwa 50 Jahre Qu Rahn
5%
Legends / 51 Jahre A'Sharad Hett / Darth Krayt
3%
Legends / etwa 4030 Jahre Celeste Morne
2%
Legends / etwa 55 Jahre Empatojayos Brand
1%
Legends / mehr als 404 Jahre Ikrit
1%
Legends / unbekanntes Alter T'ra Saa
1%
Legends / 194 Jahre Vima-Da-Boda
1%
Legends / 47 Jahre Bardan Jusik
0%
(Legends / unbekanntes Alter) Drun Cairnwick
0%
(Legends / 23 Jahre) Fable Astin
0%
Legends / älter als 54 Jahre K'Kruhk
0%
(Legends / 52 Jahre) Markus Dorivonn
0%
Legends / älter als 23 Jahre Nichos Marr
0%
Keine übereinstimmenden Quizze gefunden
Verteilung der Resultate
Anzahl Personen mit jedem Resultat
Perzentil nach korrekt beantworteten Fragen
Ihre Resultats-Entwicklung
Sie haben dieses Quiz noch nicht gespielt